Central Library OPAC University of Rajshahi

Elements of maser theory / (Record no. 52622)

MARC details
000 -LEADER
fixed length control field 00719nam a2200253 a 4500
001 - CONTROL NUMBER
control field 52622
003 - CONTROL NUMBER IDENTIFIER
rucl marc code BD-RjUL
005 - DATE AND TIME OF LATEST TRANSACTION
control field 20211209075833.0
008 - FIXED-LENGTH DATA ELEMENTS--GENERAL INFORMATION
fixed length control field 190924s19621960njua b 000 0 eng
035 ## - SYSTEM CONTROL NUMBER
System control number (BD-RjUL)52742
040 ## - CATALOGING SOURCE
Original cataloging agency DLC/ICU
Transcribing agency ICU
Modifying agency DLC
-- BD-RjUL
Language of cataloging eng
041 ## - LANGUAGE CODE
Language code of text/sound track or separate title eng
082 00 - DEWEY DECIMAL CLASSIFICATION NUMBER
Edition number 23
Classification number 537.5
Author mark and year VUE 1962
100 1# - MAIN ENTRY--PERSONAL NAME
Personal name Vuylsteke, Arthur A.
9 (RLIN) 157375
245 10 - TITLE STATEMENT
Title Elements of maser theory /
Statement of responsibility, etc. Arthur A. Vuylsteke.
250 ## - EDITION STATEMENT
Edition statement 1st ed.
260 ## - PUBLICATION, DISTRIBUTION, ETC. (IMPRINT)
Place of publication, distribution, etc. Princeton, N.J.,
Name of publisher, distributor, etc. Van Nostrand,
Date of publication, distribution, etc. 1960
-- [Reprint1962]
300 ## - PHYSICAL DESCRIPTION
Pagination 362 p.
Illustrations ill. ;
Size 24 cm.
504 ## - BIBLIOGRAPHY, ETC. NOTE
Bibliography, etc Includes bibliography.
650 #0 - SUBJECT ADDED ENTRY--TOPICAL TERM
Topical term or geographic name as entry element Quantum electronics.
9 (RLIN) 157376
Topical term or geographic name as entry element Masers.
9 (RLIN) 157245
942 ## - ADDED ENTRY ELEMENTS (KOHA)
Source of classification or shelving scheme Dewey Decimal Classification
Koha item type Books
Holdings
Lost status Source of classification or shelving scheme Damaged status Not for loan Collection code Permanent Location Current Location Shelving location Date acquired Source of acquisition Cost, normal purchase price Total Checkouts Full call number Date last seen Copy number Koha item type
  Dewey Decimal Classification     Non-fiction Central Library, University of Rajshahi Central Library, University of Rajshahi   27/06/1963 Zeitlinger 9.50   537.5 VUE 1962 24/09/2016 C-2 Books
  Dewey Decimal Classification     Non-fiction Central Library, University of Rajshahi Central Library, University of Rajshahi   27/06/1963 Zeitlinger 9.50   537.5 VUE 1962 24/09/2016 C-3 Books
  Dewey Decimal Classification   Not For Loan Non-fiction Central Library, University of Rajshahi Central Library, University of Rajshahi Reading Room 09/12/2021 Zeitlinger 73.60   537.5 VUE 1962 12/04/2017 C-1 Books